000
00264nam a2200109Ia 4500
008
200302s9999 xx 000 0 und d
100
_a
Henry Wilson
245
_a
Floral Patterns Of India
260
_b
Thames and Hudson Publishers
260
_c
2016
300
_a
272 P
999
_c
4360
_d
4360